000 00996cam a22002054a 4500
005 20250605164232.0
008 250528s ||||||||||||||||||||||||d
035 _a21012
020 _a9789513948788
040 _aGR-AtMCL
_bgre
_dGR-AtMCL
_eAACR2
245 1 _aEuropean Lifelong Guidance Policies: Progress Report 2011-12 / A Report on the work of the European Lifelong Guidance Policy Network 2011-12
260 _bEuropean Lifelong Guidance Policy Network,
_c2012
300 _a96
520 _aThe purpose of this report is to communicate the outcomes of the European Lifelong Guidance Policy Network (ELGPN) during 2011-12 to relevant policy makers and stakeholders at both European and National levels. Structure and processes and activities of the ELGPN 2011-12, Work package reports, EU Policy Developments, Evaluation, Vision for the Future, Annexes.
700 1 _aVuorinem Raimo
_97027
700 1 _aWatts Anthony G
_97028
942 _cBK
999 _c6088
_d6088